[Event "Mistrzostwa Polski Juniorow do lat 16 - Chlopcy"]
[Site "Szklarska Poreba"]
[Date "1899-12-30"]
[Round "5.25"]
[White "Majewski, Krzysztof"]
[Black "Werner, Kacper"]
[Result "1-0"]
[WhiteTitle "I"]
[BlackTitle "II"]
[WhiteElo "1805"]
[BlackElo "1591"]

1. Nf3 Nf6 2. g3 d5 3. Bg2 g6 4. O-O Bg7 5. d4 O-O 6. c4 c6 7. Nc3 b6 8. Ne5 Bb7
9. b3 Na6 10. Bb2 Nc7 11. Rc1 Rc8 12. e3 Nd7 13. Nxd7 Qxd7 14. Qe2 f5 15. f4 Rfd8
16. Rfd1 e6 17. a4 Bf8 18. Na2 a6 19. c5 b5 20. Bc3 Ra8 21. Ba5 Rdb8 22. Ra1 Be7
23. Rdb1 Bd8 24. Qd2 Ne8 25. Bf3 Bxa5 26. Qxa5 Qc7 27. Qxc7 Nxc7 28. Be2 Kf7 29.
axb5 axb5 30. Nb4 Rxa1 31. Rxa1 Ra8 32. Rxa8 Bxa8 33. Kf2 Bb7 34. Ke1 Ke7 35.
Kd2 Kd7 36. Nd3 Ke7 37. Ne5 Na6 38. Kc3 Kf6 39. h3 Ke7 40. h4 Kf6 41. h5 Ba8 42.
g4 Bb7 43. g5+ Kg7 44. h6+ Kg8 45. Nd7 Bc8 46. Nf6+ Kh8 47. Bf1 Bb7 48. Ne8 Bc8
49. Nf6 Bb7 50. Nd7 Kg8 51. Ne5 Kf8 52. Be2 Kg8 53. Nd3 Kf7 54. Nb4 Nc7 55. Na2
Na6 56. Kd2 Bc8 57. Kc3 Bd7 58. Nb4 Nc7 59. Nd3 Be8 60. Kb4 Ke7 61. Ka5 Kd7 62.
Kb6 Kc8 63. Ka7 e5 64. Nxe5 Ne6 65. Kb6 Nd8 66. Bd3 Kb8 67. Bxf5 gxf5 68. g6 1-0

[Event "Mistrzostwa Polski Juniorow do lat 16 - Chlopcy"]
[Site "Szklarska Poreba"]
[Date "1899-12-30"]
[Round "6.1"]
[White "Luczak, Filip"]
[Black "Niedbala, Bartlomiej"]
[Result "1/2-1/2"]
[WhiteTitle "CM"]
[BlackTitle "FM"]
[WhiteElo "2179"]
[BlackElo "2381"]

1. d4 Nf6 2. Nf3 e6 3. g3 c5 4. Bg2 cxd4 5. Nxd4 d5 6. O-O e5 7. Nb3 h6 8. c4 dxc4
9. Qxd8+ Kxd8 10. Na5 Kc7 11. Nxc4 Nc6 12. Bxc6 bxc6 13. Nxe5 Be6 14. Nc3 Kb7
15. Be3 Ng4 16. Nxg4 Bxg4 17. f3 Be6 18. b3 Be7 19. Ne4 f5 20. Nc5+ Bxc5 21. Bxc5
Rhd8 22. Rfd1 Rd5 23. Rxd5 Bxd5 24. Rd1 Re8 25. Kf2 a5 26. Rd3 a4 27. bxa4 h5
28. a3 g5 29. Re3 Rxe3 30. Kxe3 g4 31. f4 Bc4 32. Kd2 Bd5 33. Kc3 Ka6 34. Kb4
Be4 35. e3 Bd3 36. Bd4 Be4 37. Bc3 Bd5 38. Kc5 Be4 39. a5 Bf3 40. a4 Be4 41. Kd6
Bf3 42. Ke6 Be4 43. Kf6 Kb7 44. Kg5 Ka6 45. Kxh5 Kb7 46. Kh4 Bg2 47. Kg5 Be4 48.
Kf6 Ka6 49. Ke6 Kb7 50. Kd6 Ka6 51. Kc5 Kb7 52. Kb4 Ka6 53. Bd4 Kb7 54. Kc3 Ka6
55. Bb6 Bd5 56. Kd2 Be4 57. Kc3 Kb7 58. Kb4 Ka6 59. Bd4 Bd5 60. Bc3 Be4 61. Be1
Bf3 62. Bf2 Be4 63. Be1 Kb7 64. Bd2 Ka6 65. Bc1 Bd5 66. Bb2 Be4 67. Bf6 Kb7 68.
Bd8 Ka6 69. Bb6 Kb7 70. Kb3 Ka6 71. Kb2 Kb7 72. Kc1 Ka6 73. Kd1 Bd5 74. Ke2 Be4
75. Kf2 Bd5 76. Kg1 Bf3 77. Kf2 Be4 78. Ke2 Kb7 79. Kd2 Ka6 80. Kc3 Kb7 81. Kd4
Ka6 82. Ke5 Kb7 83. Kf6 Ka6 84. Kg5 Kb7 85. Kh4 Bg2 86. e4 Bxe4 87. h3 gxh3 88.
Kxh3 Bf3 1/2-1/2

[Event "Mistrzostwa Polski Juniorow do lat 16 - Chlopcy"]
[Site "Szklarska Poreba"]
[Date "1899-12-30"]
[Round "6.2"]
[White "Fiedorek, Michal"]
[Black "Dzida, Kamil"]
[Result "0-1"]
[WhiteTitle "FM"]
[BlackTitle "k+"]
[WhiteElo "2223"]
[BlackElo "2254"]

1. e4 c5 2. Nf3 d6 3. d4 cxd4 4. Nxd4 Nf6 5. Nc3 a6 6. h3 e6 7. g4 Nc6 8. Bg2 Nd7
9. g5 Be7 10. Be3 O-O 11. h4 Nxd4 12. Bxd4 Qc7 13. Qe2 b5 14. O-O-O Bb7 15. f4
b4 16. Nb1 e5 17. Be3 exf4 18. Bxf4 Ne5 19. h5 a5 20. Bh3 Rab8 21. g6 Bf6 22.
Nd2 a4 23. Qe3 Rbc8 24. gxh7+ Kxh7 25. Bf5+ Kh8 26. Bxc8 Rxc8 27. c3 bxc3 28.
bxc3 Qxc3+ 29. Qxc3 Rxc3+ 30. Kb1 Nc4 31. Rhe1 Na3+ 32. Kb2 Rb3+ 33. Kc1 Bb2#
0-1

[Event "Mistrzostwa Polski Juniorow do lat 16 - Chlopcy"]
[Site "Szklarska Poreba"]
[Date "1899-12-30"]
[Round "6.3"]
[White "Czernek, Tymon"]
[Black "Ochedzan, Tymon"]
[Result "1/2-1/2"]
[WhiteTitle "I++"]
[BlackTitle "CM"]
[WhiteElo "2120"]
[BlackElo "2099"]

1. d4 Nf6 2. Nc3 d5 3. Bf4 g6 4. e3 Bg7 5. h4 h5 6. Nf3 Bg4 7. Be2 Bxf3 8. Bxf3
c6 9. Qd2 Nbd7 10. O-O-O b5 11. Rhe1 Nb6 12. Qd3 Rc8 13. e4 b4 14. Nb1 dxe4 15.
Bxe4 Nbd5 16. Bg5 O-O 17. Nd2 Ng4 18. Re2 f6 19. Be3 f5 20. Bxd5+ Qxd5 21. Nb3
a5 22. Kb1 a4 23. Nc5 a3 24. b3 e5 25. Na6 exd4 26. Bxd4 Qxd4 27. Qxd4 Bxd4 28.
Rxd4 Rfe8 29. Rxe8+ Rxe8 30. Kc1 Nxf2 31. Rxb4 Re1+ 32. Kd2 Ra1 33. Rb8+ Kg7 34.
Rb7+ Kf8 35. Rb8+ Kf7 36. Rb7+ Ke6 37. Rc7 Ne4+ 38. Kd3 Kd6 39. Rg7 Rxa2 40. Rxg6+
Ke5 41. Nb4 Ra1 42. g3 a2 43. Kc4 Nd6+ 44. Kc3 Ne4+ 45. Kc4 Nd6+ 1/2-1/2

[Event "Mistrzostwa Polski Juniorow do lat 16 - Chlopcy"]
[Site "Szklarska Poreba"]
[Date "1899-12-30"]
[Round "6.4"]
[White "Zabron, Maksym"]
[Black "Baum, Jonasz"]
[Result "1/2-1/2"]
[WhiteTitle "I++"]
[BlackTitle "FM"]
[WhiteElo "2023"]
[BlackElo "2391"]

1. d4 Nf6 2. c4 e6 3. Nf3 d5 4. Nc3 Nbd7 5. Bf4 dxc4 6. e3 Nb6 7. Ne5 Nfd5 8. Nxc4
Nxf4 9. exf4 Nd5 10. Qd2 Bb4 11. a3 Bxc3 12. bxc3 O-O 13. g3 b6 14. Ne3 c5 15.
Bg2 cxd4 16. Qxd4 Ba6 17. Nxd5 exd5 18. O-O-O Rc8 19. Bxd5 Qc7 20. Kb2 Rfd8 21.
Qb4 Be2 22. Rde1 a5 23. Qb3 Rxd5 24. Rxe2 Qc6 25. c4 a4 26. Qe3 Rc5 27. Rhe1 h6
28. Rc2 Rxc4 29. Rxc4 Qxc4 30. Rc1 Qb5+ 31. Ka2 Re8 32. Qc3 Qd5+ 33. Kb2 b5 34.
Rc2 Rd8 35. Qb4 Qd3 36. Qc3 Qd1 37. Qc5 Qd7 38. Qb4 g6 39. h4 h5 40. Qc3 Qd6 41.
Qe5 Qd3 42. Qe3 Qd1 43. f5 b4 44. axb4 Qg4 45. Qf4 Qxf4 46. gxf4 Rd3 47. fxg6
Rb3+ 48. Ka2 Rxb4 49. gxf7+ Kxf7 50. Rc5 Kg6 51. Rg5+ Kh6 52. Rf5 Rb3 53. Rf6+
Kg7 54. Rf5 Kg6 55. Rg5+ Kh6 56. Rg3 Rb4 57. Rf3 Kg6 58. Rg3+ Kh6 59. Rf3 Kg6
1/2-1/2

[Event "Mistrzostwa Polski Juniorow do lat 16 - Chlopcy"]
[Site "Szklarska Poreba"]
[Date "1899-12-30"]
[Round "6.5"]
[White "Luberanski, Jakub"]
[Black "Skurniak, Szymon"]
[Result "1-0"]
[WhiteTitle "k"]
[BlackTitle "I+"]
[WhiteElo "2151"]
[BlackElo "2005"]

1. d4 d6 2. Nf3 Nf6 3. c4 Nbd7 4. Bf4 c6 5. Nc3 Qc7 6. h3 e5 7. Bh2 Be7 8. e3 O-O
9. Be2 Re8 10. O-O a5 11. c5 Bf8 12. Rc1 e4 13. Nd2 Qd8 14. Bxd6 Bxd6 15. cxd6
Nb6 16. Qb3 Be6 17. Qa3 Bd5 18. Nxd5 Nfxd5 19. Nc4 Nxc4 20. Bxc4 Nb6 21. Qc5 Nd7
22. Qh5 g6 23. Qh6 Nf6 24. Qf4 Kg7 25. f3 b5 26. Bxf7 Kxf7 27. fxe4 Kg7 28. e5
Nd5 29. Qf7+ Kh8 30. Rxc6 Nxe3 31. Rc7 Qxc7 32. dxc7 Nxf1 33. Qf6+ Kg8 34. Qxf1
Ra7 35. Qxb5 Rc8 36. Qd5+ Kh8 37. Qd8+ 1-0

[Event "Mistrzostwa Polski Juniorow do lat 16 - Chlopcy"]
[Site "Szklarska Poreba"]
[Date "1899-12-30"]
[Round "6.6"]
[White "Bachor, Tomasz"]
[Black "Czopor, Maciej"]
[Result "0-1"]
[WhiteTitle "k"]
[BlackTitle "k"]
[WhiteElo "2105"]
[BlackElo "2196"]

1. d4 Nf6 2. c4 e6 3. Nc3 Bb4 4. e3 d5 5. Bd3 e5 6. a3 Bxc3+ 7. bxc3 e4 8. Be2
c6 9. h4 O-O 10. Nh3 Nbd7 11. Nf4 dxc4 12. Bxc4 Nb6 13. Be2 Nfd5 14. Nxd5 cxd5
15. a4 Qc7 16. Qb3 Be6 17. a5 Nd7 18. Ba3 Rfc8 19. Bb4 Nf6 20. g3 Qd7 21. Qa4
Qd8 22. h5 h6 23. Rh4 Bd7 24. Qa3 Qe8 25. Rb1 Bb5 26. Qa2 Bxe2 27. Qxe2 Nh7 28.
Kf1 Ng5 29. Kg2 Qd7 30. Qg4 Qc6 31. Qf5 Re8 32. Rf4 b6 33. Ra1 Re6 34. Qg4 b5
35. Bc5 a6 36. Rh1 Rae8 37. Rf5 Rf6 38. Qf4 Rxf5 39. Qxf5 Qe6 40. Qf4 Nf3 41.
Qc7 Rc8 42. Qb6 Rc6 43. Qb8+ Kh7 44. Bb4 Qf5 45. Qf4 Qd7 46. g4 Rf6 47. Qg3 Ng5
48. Rh4 Qc6 49. Bc5 b4 50. cxb4 Qb5 51. Bd6 Rf3 52. Qh2 Qe2 53. Qg1 Rxe3 54. Qf1
Qf3+ 55. Kg1 Rd3 56. Kh2 Rd1 57. Qg2 Qd3 58. Bf4 Nf3+ 59. Kh3 Rg1 0-1

[Event "Mistrzostwa Polski Juniorow do lat 16 - Chlopcy"]
[Site "Szklarska Poreba"]
[Date "1899-12-30"]
[Round "6.7"]
[White "Koziorowicz, Michal"]
[Black "Czechowski, Jakub"]
[Result "0-1"]
[WhiteTitle "k"]
[BlackTitle "I+"]
[WhiteElo "2099"]
[BlackElo "1964"]

1. e4 c5 2. Nf3 d6 3. d4 cxd4 4. Nxd4 Nf6 5. Nc3 a6 6. f3 e5 7. Nb3 Be6 8. Be3
h5 9. Qd2 Nbd7 10. O-O-O Rc8 11. h3 h4 12. f4 b5 13. Bd3 Be7 14. Kb1 Nb6 15. fxe5
dxe5 16. Qf2 Nfd7 17. Nd5 Nc4 18. Bc1 Bd6 19. g3 a5 20. gxh4 a4 21. Nd2 Bf8 22.
Nf3 f6 23. Qa7 Bf7 24. b3 axb3 25. cxb3 Bc5 26. Qa6 O-O 27. Bxc4 bxc4 28. Qxc4
Nb6 29. Qe2 Nxd5 30. exd5 Bb4 31. Rhg1 Qd7 32. Qe4 Bc5 33. Rg2 Be6 34. Qe2 Bxh3
35. Rg3 Bf5+ 36. Ka1 Bb4 37. Bb2 Rc2 38. Qe3 Rfc8 39. Nxe5 fxe5 40. Qxe5 Rxb2
41. Qxb2 Rc2 42. Qd4 Bc5 43. Qa4 Qe7 44. Rgd3 Bxd3 45. Qf4 Bd6 46. Qg5 Qxg5 47.
hxg5 Be5+ 48. Kb1 Bf5 49. a4 Rb2+ 50. Kc1 Rb1+ 51. Kd2 Bc3+ 52. Kxc3 Rxd1 53.
b4 Rxd5 54. b5 Be4 55. Kb4 Rxg5 56. b6 Re5 57. a5 Rxa5 0-1

[Event "Mistrzostwa Polski Juniorow do lat 16 - Chlopcy"]
[Site "Szklarska Poreba"]
[Date "1899-12-30"]
[Round "6.8"]
[White "Suder, Jakub"]
[Black "Dalkowski, Rafal"]
[Result "1-0"]
[WhiteTitle "I++"]
[BlackTitle "I"]
[WhiteElo "2085"]
[BlackElo "1893"]

1. d4 Nf6 2. Bf4 e6 3. e3 b6 4. Bd3 Bb7 5. Nf3 d5 6. c3 Bd6 7. Nbd2 O-O 8. Ne5
Ne4 9. Qg4 f5 10. Qh3 Nd7 11. Rg1 Bxe5 12. Bxe5 Nxe5 13. dxe5 c5 14. Nxe4 dxe4
15. Bc4 Qe8 16. g4 b5 17. Be2 Bc6 18. gxf5 exf5 19. Qh6 Qd7 20. Rd1 Qc7 21. Rd6
Be8 22. h4 Qe7 23. Re6 Qb7 24. Qg5 Rf7 25. Bh5 g6 26. Bxg6 Rg7 27. h5 hxg6 28.
h6 Qd5 29. hxg7 Qxe6 30. Qh6 Bc6 31. Rxg6 Qxa2 32. Qh8+ Kf7 33. g8=Q+ 1-0

[Event "Mistrzostwa Polski Juniorow do lat 16 - Chlopcy"]
[Site "Szklarska Poreba"]
[Date "1899-12-30"]
[Round "6.9"]
[White "Cwiek, Ryszard"]
[Black "Kozlowski, Michal"]
[Result "1-0"]
[WhiteTitle "I+"]
[BlackTitle "I++"]
[WhiteElo "1843"]
[BlackElo "2009"]

1. d4 d5 2. c4 e6 3. Nc3 Nf6 4. cxd5 exd5 5. Bg5 Be7 6. e3 O-O 7. Bd3 b6 8. Bxf6
Bxf6 9. Qh5 g6 10. Qxd5 c6 11. Qxd8 Rxd8 12. Nf3 Bb7 13. O-O-O Na6 14. Be4 Rac8
15. Kb1 Nc7 16. Rc1 Ba8 17. Rhd1 Kg7 18. Rc2 h6 19. Rcd2 Be7 20. Ne5 Rd6 21. d5
cxd5 22. Bxd5 Bf6 23. Bxa8 Rxd2 24. Rxd2 Bxe5 25. Bb7 Rb8 26. Bf3 Rc8 27. Bb7
Rb8 28. Bf3 Rc8 29. Rc2 Rd8 30. Kc1 h5 31. h3 f5 32. Rd2 Rxd2 33. Kxd2 Kf6 34.
b3 h4 35. Kd3 Ke6 36. Ne2 Kd6 37. Kc4 Ne6 38. b4 Bg7 39. a4 Bf6 40. Bd5 Nf8 41.
e4 Nd7 42. f4 fxe4 43. Bxe4 g5 44. Bf5 gxf4 45. Bxd7 Kxd7 46. Nxf4 Be5 47. Ng6
Bg3 48. Kd5 Kc7 49. b5 Be1 50. Ne7 Bf2 51. Nc6 Kb7 52. Ke6 a6 53. Kd7 axb5 54.
axb5 Bg3 55. Nd8+ Kb8 56. Kc6 Kc8 57. Nb7 Bf2 58. Nd6+ Kd8 59. Nc4 Ke7 60. Nxb6
Kf6 61. Nd7+ Kf5 62. Nf8 Kf4 63. Ng6+ Ke3 64. b6 Bg3 65. b7 Kf2 66. Nxh4 1-0

[Event "Mistrzostwa Polski Juniorow do lat 16 - Chlopcy"]
[Site "Szklarska Poreba"]
[Date "1899-12-30"]
[Round "6.10"]
[White "Panek, Bartosz"]
[Black "Kotula, Pawel"]
[Result "1-0"]
[WhiteTitle "I+"]
[BlackTitle "I"]
[WhiteElo "1979"]
[BlackElo "1707"]

1. e4 c5 2. Nf3 Nc6 3. Bb5 g6 4. O-O Bg7 5. Re1 Qb6 6. Na3 d6 7. c3 Bd7 8. d4 cxd4
9. cxd4 Nxd4 10. Bxd7+ Kxd7 11. e5 Nxf3+ 12. Qxf3 Bxe5 13. Nc4 Qc6 14. Nxe5+ dxe5
15. Qxf7 Qf6 16. Rd1+ Kc7 17. Be3 Rf8 18. Qd5 Qd6 19. Qa5+ 1-0

[Event "Mistrzostwa Polski Juniorow do lat 16 - Chlopcy"]
[Site "Szklarska Poreba"]
[Date "1899-12-30"]
[Round "6.11"]
[White "Trybus, Daniel"]
[Black "Kaliszuk, Kamil"]
[Result "1-0"]
[WhiteTitle "I++"]
[BlackTitle "I+"]
[WhiteElo "2010"]
[BlackElo "1961"]

1. e4 c5 2. Nf3 Nc6 3. d4 cxd4 4. Nxd4 Nf6 5. Nc3 e6 6. Ndb5 Bb4 7. a3 Bxc3+ 8.
Nxc3 d5 9. Bd3 d4 10. Ne2 e5 11. O-O O-O 12. Bg5 h6 13. Bh4 g5 14. Bg3 Qe7 15.
f3 Rd8 16. Qd2 Be6 17. f4 Ng4 18. f5 Bd7 19. h3 Ne3 20. Rf3 g4 21. hxg4 Nxg4 22.
f6 Qd6 23. Raf1 Ne3 24. Nxd4 Qxd4 25. Bf2 Kh7 26. Bxe3 Qxb2 27. Bxh6 Qd4+ 28.
Be3 Qd6 29. Kf2 Bg4 30. Bb6 Kg6 31. Rg3 Qxf6+ 32. Kg1 Qg5 33. Qxg5+ Kxg5 34. Bxd8+
Rxd8 35. Be2 f5 36. Rxf5+ 1-0

[Event "Mistrzostwa Polski Juniorow do lat 16 - Chlopcy"]
[Site "Szklarska Poreba"]
[Date "1899-12-30"]
[Round "6.12"]
[White "Redzisz, Michal"]
[Black "Kacprzak, Karol"]
[Result "0-1"]
[WhiteTitle "k"]
[BlackTitle "I++"]
[WhiteElo "2105"]
[BlackElo "1954"]

1. d4 Nf6 2. c4 c5 3. d5 b5 4. cxb5 a6 5. e3 g6 6. Nc3 d6 7. Nf3 Bg7 8. a4 O-O
9. e4 axb5 10. Bxb5 Ba6 11. Bd2 Nbd7 12. O-O Ne8 13. Qe2 Nc7 14. Rfb1 Qb8 15.
Bxa6 Rxa6 16. Nb5 Nxb5 17. axb5 Rxa1 18. Rxa1 Bxb2 19. Rb1 Bf6 20. b6 Qb7 21.
Qb5 Rc8 22. Be3 Rb8 23. Qa5 Ra8 24. Qd2 Ra6 25. h4 Rxb6 26. Rxb6 Qxb6 27. Qa2
Kg7 28. h5 h6 29. hxg6 fxg6 30. Qd2 Qb1+ 31. Kh2 g5 32. Bxg5 hxg5 33. Nxg5 Nf8
34. Qf4 Be5 0-1

[Event "Mistrzostwa Polski Juniorow do lat 16 - Chlopcy"]
[Site "Szklarska Poreba"]
[Date "1899-12-30"]
[Round "6.13"]
[White "Grzesik, Gracjan"]
[Black "Wysocki, Mateusz"]
[Result "1-0"]
[WhiteTitle "I++"]
[BlackTitle "I"]
[WhiteElo "2039"]
[BlackElo "1864"]

1. c4 c6 2. Nf3 d5 3. e3 Nf6 4. Nc3 e6 5. b3 Be7 6. Bb2 O-O 7. Qc2 dxc4 8. bxc4
c5 9. d4 Nc6 10. Rd1 Qa5 11. Be2 cxd4 12. exd4 b6 13. O-O Bb7 14. a3 a6 15. d5
Nb8 16. Nd4 Qc5 17. dxe6 Nc6 18. exf7+ Rxf7 19. Nb3 Qg5 20. Nd5 b5 21. f4 Qh4
22. Bf3 bxc4 23. Nxe7+ Nxe7 24. Bxb7 cxb3 25. Qxb3 Raf8 26. Bxa6 Ng4 27. h3 Nf5
28. Bc1 Kh8 29. Rf3 Nf6 30. Bb2 Qh6 31. Bd3 Nh4 32. Rf2 Rd7 33. Re1 Qh5 34. Be5
Qe8 35. Bb5 Qf7 36. Qxf7 Rdxf7 37. g3 Nf5 38. Kg2 h5 39. a4 Nd7 40. Bb2 Nd6 41.
Bxd7 Rxd7 42. Rd1 Rdd8 43. Rxd6 Rxd6 44. Ba3 Rfd8 45. Bxd6 Rxd6 46. Ra2 Kh7 47.
a5 Ra6 48. Kf3 Kg6 49. Ke4 h4 50. g4 1-0

[Event "Mistrzostwa Polski Juniorow do lat 16 - Chlopcy"]
[Site "Szklarska Poreba"]
[Date "1899-12-30"]
[Round "6.14"]
[White "Turski, Bartlomiej"]
[Black "Poltorak, Sebastian"]
[Result "1-0"]
[WhiteTitle "I"]
[BlackTitle "k"]
[WhiteElo "1986"]
[BlackElo "2036"]

1. e4 c6 2. d4 d5 3. Nc3 dxe4 4. Nxe4 Bf5 5. Ng3 Bg6 6. h4 h6 7. Nf3 Nd7 8. h5
Bh7 9. Bd3 Bxd3 10. Qxd3 e6 11. Bd2 Ngf6 12. O-O-O Be7 13. Kb1 c5 14. Ne4 Nxe4
15. Qxe4 cxd4 16. Nxd4 O-O 17. Bc1 Bf6 18. g4 Nc5 19. Qe3 Qc7 20. f4 e5 21. Nb5
Qb6 22. fxe5 Rfe8 23. Rd5 Nd7 24. Qb3 Nxe5 25. Qg3 Qc6 26. Rhd1 Nc4 27. Qd3 Rad8
28. Nc3 Nb6 29. Rxd8 Rxd8 30. Qf5 Rc8 31. Nd5 Nxd5 32. Rxd5 Re8 33. a3 b6 34.
Bd2 Qc4 35. Rd3 a5 36. Rb3 Rd8 37. Rd3 Rc8 38. Bc3 Rc5 39. Qf3 Qa4 40. b3 Qc6
41. Bxf6 Qxf6 42. Qxf6 gxf6 43. Rd6 Kg7 44. Rxb6 f5 45. gxf5 Rxf5 46. c4 Rxh5
47. Rb5 Rh1+ 48. Kc2 Rh2+ 49. Kd3 a4 50. bxa4 Rh3+ 51. Ke4 Rxa3 52. a5 Kf8 53.
c5 Ke7 54. Kd5 Kd7 55. c6+ Kc7 56. Rb7+ Kc8 57. Rxf7 Ra1 58. a6 Rd1+ 59. Ke4 Kb8
60. a7+ Ka8 61. c7 1-0

[Event "Mistrzostwa Polski Juniorow do lat 16 - Chlopcy"]
[Site "Szklarska Poreba"]
[Date "1899-12-30"]
[Round "6.15"]
[White "Oleksy, Krzysztof"]
[Black "Kacprzak, Kacper"]
[Result "1-0"]
[WhiteTitle "I"]
[BlackTitle "I+"]
[WhiteElo "1842"]
[BlackElo "2019"]

1. d4 Nf6 2. c4 c5 3. d5 b5 4. cxb5 a6 5. bxa6 Bxa6 6. Nc3 d6 7. Nf3 g6 8. e4 Bxf1
9. Kxf1 Bg7 10. g3 O-O 11. Kg2 Nbd7 12. a4 Qb6 13. Qe2 Rfb8 14. Bd2 Qa6 15. Nb5
Nb6 16. b3 Ne8 17. Bc3 Bxc3 18. Nxc3 Qxe2 19. Nxe2 f5 20. Nc3 fxe4 21. Ng5 Nf6
22. Rad1 c4 23. bxc4 Nxa4 24. Ncxe4 Nxe4 25. Nxe4 Nb2 26. Rd4 Rb4 27. Nd2 Na4
28. Re1 Rb7 29. Ne4 Rc8 30. Ra1 Nc5 31. Nxc5 Rxc5 32. Ra8+ Kg7 33. Rf4 Rbc7 34.
Ra4 e6 35. dxe6 Re5 36. Rf7+ Rxf7 37. exf7 Kxf7 38. Ra7+ Kg8 39. Rc7 Re2 40. Kf3
Rc2 41. Ke3 Ra2 42. Rd7 Rc2 43. Rc7 Ra2 44. h4 Ra1 45. Ke4 Ra5 46. Rc6 Re5+ 47.
Kd3 Rf5 48. Rxd6 Rxf2 49. Re6 Kf7 50. Re3 Rf1 51. c5 h6 52. Kc4 Rc1+ 53. Kd5 Rd1+
54. Kc6 g5 55. hxg5 hxg5 56. Kc7 Rd2 57. c6 Rd1 58. Kc8 Rd2 59. c7 Rc2 60. Rb3
1-0

[Event "Mistrzostwa Polski Juniorow do lat 16 - Chlopcy"]
[Site "Szklarska Poreba"]
[Date "1899-12-30"]
[Round "6.16"]
[White "Gradalski, Olaf"]
[Black "Syrkiewicz, Michal"]
[Result "0-1"]
[WhiteTitle "II+"]
[BlackTitle "I"]
[WhiteElo "1719"]
[BlackElo "2004"]

1. d4 d6 2. e4 Nf6 3. Nc3 e5 4. dxe5 dxe5 5. Qxd8+ Kxd8 6. Bg5 Be6 7. O-O-O Nbd7
8. Bb5 c6 9. Ba4 Kc7 10. Bb3 Bc5 11. f3 h6 12. Bh4 b5 13. Bxe6 fxe6 14. Nge2 a5
15. Kb1 g5 16. Bg3 Nh5 17. Nc1 Nf4 18. Bxf4 gxf4 19. g4 h5 20. h4 hxg4 21. fxg4
Bf2 22. Rxd7+ Kxd7 23. Nd3 Bd4 24. Ne2 Kd6 25. Nxd4 exd4 26. e5+ Ke7 27. Kc1 Rag8
28. Nf2 f3 29. Kd2 Rf8 30. Kd3 Rf4 31. b3 c5 32. h5 Kf7 33. Rh3 Kg7 34. Rg3 Kh6
35. Rg1 Rg8 36. a3 Rg5 37. Re1 Rgxg4 38. Nxg4+ Rxg4 39. Rf1 Rf4 40. c3 Kxh5 41.
c4 b4 0-1

[Event "Mistrzostwa Polski Juniorow do lat 16 - Chlopcy"]
[Site "Szklarska Poreba"]
[Date "1899-12-30"]
[Round "6.17"]
[White "Gorkiewicz, Mateusz"]
[Black "Budzisz, Adrian"]
[Result "0-1"]
[WhiteTitle "I+"]
[BlackTitle "I"]
[WhiteElo "1959"]
[BlackElo "1812"]

1. e4 e6 2. d4 d5 3. e5 c5 4. c3 Nc6 5. Nf3 Qb6 6. Bd3 cxd4 7. cxd4 Bd7 8. Bc2
Nb4 9. O-O Nxc2 10. Qxc2 Ne7 11. Be3 Nc6 12. Nc3 Be7 13. g4 f6 14. Rad1 O-O 15.
exf6 Bxf6 16. Kg2 Qd8 17. h3 Rc8 18. Qd2 Na5 19. b3 b5 20. Ne2 Nc6 21. Rc1 Be7
22. Nf4 Ba3 23. Rc2 Qf6 24. Qe2 Bd6 25. Nd3 Qxf3+ 26. Qxf3 Rxf3 27. Kxf3 Nxd4+
28. Bxd4 Rxc2 29. Bxa7 e5 30. Nc1 Ba3 31. Ne2 d4 32. Nxd4 exd4 33. Bxd4 Rxa2 34.
Rd1 Be6 35. Rd3 Bf8 36. Ke4 Ra3 37. Ke5 Rxb3 38. Rd1 Bc4 39. h4 Be2 40. Ra1 Ra3
41. Rc1 Bxg4 42. Kf4 Be6 43. Rc6 Bd5 44. Rc8 Ra8 45. Rc2 Re8 46. Be5 Bc4 47. Rc1
Bc5 48. Rg1 Re7 49. h5 Bxf2 50. Rg2 Be3+ 51. Ke4 Bc1 52. Kd4 h6 0-1

[Event "Mistrzostwa Polski Juniorow do lat 16 - Chlopcy"]
[Site "Szklarska Poreba"]
[Date "1899-12-30"]
[Round "6.18"]
[White "Celebias, Filip"]
[Black "Kania, Dominik"]
[Result "0-1"]
[WhiteTitle "II"]
[BlackTitle "I"]
[WhiteElo "1558"]
[BlackElo "1933"]

1. e4 d6 2. d4 Nf6 3. Nc3 e5 4. dxe5 dxe5 5. Qxd8+ Kxd8 6. Nf3 Bd6 7. Bg5 Be6 8.
O-O-O Nbd7 9. Bb5 Kc8 10. Bh4 h6 11. Nd2 Bc5 12. Bc4 Bb4 13. f3 Re8 14. Nd5 Nb6
15. Nxf6 gxf6 16. Bb3 Bxb3 17. Nxb3 Re6 18. c3 Be7 19. Na1 Nc4 20. Nc2 Bc5 21.
Rd3 Nd6 22. Ne3 Bxe3+ 23. Rxe3 f5 24. Rd1 fxe4 25. Rxe4 f5 26. Re2 Kd7 27. Bg3
Rae8 28. Rd5 f4 29. Bf2 b6 30. g3 Kc6 31. Rd1 e4 32. Rde1 Kd7 33. gxf4 exf3 34.
Rxe6 Rxe6 35. Re3 Rxe3 36. Bxe3 Ke6 37. Kd1 Kf5 38. Ke1 Ke4 39. Kf2 Nf5 40. Bc1
Nh4 41. Bd2 c5 42. b3 h5 43. c4 Ng6 44. f5 Ne5 45. f6 Ng4+ 46. Kf1 Nxf6 47. h3
Kd3 48. Bf4 Ne4 49. Ke1 a6 50. Kf1 b5 51. cxb5 axb5 52. a4 bxa4 53. bxa4 Kc4 54.
Be3 Kd3 55. Bc1 c4 56. a5 Nc5 57. Kf2 Ke4 58. Bd2 Nd3+ 59. Kf1 Kd5 60. a6 Kc6
61. a7 Kb7 62. Be3 c3 63. Kg1 h4 64. Kf1 c2 65. Kg1 Nb2 66. Kf2 Nd1+ 67. Kg1 Nb2
68. Kf1 Nc4 69. Bc1 0-1

[Event "Mistrzostwa Polski Juniorow do lat 16 - Chlopcy"]
[Site "Szklarska Poreba"]
[Date "1899-12-30"]
[Round "6.19"]
[White "Jedrusik, Adam"]
[Black "Kossowski, Pawel"]
[Result "0-1"]
[WhiteTitle "I"]
[BlackTitle "I"]
[WhiteElo "1828"]
[BlackElo "1717"]

1. d4 d5 2. Bf4 Nf6 3. e3 c5 4. c3 Qb6 5. Qb3 c4 6. Qc2 Nc6 7. Nd2 g6 8. Be2 Bf5
9. Qc1 Bg7 10. Ngf3 O-O 11. h3 Rfe8 12. O-O h6 13. Ne5 g5 14. Bh2 Nxe5 15. Bxe5
Qe6 16. Bxf6 Bxf6 17. Bf3 g4 18. hxg4 Bxg4 19. Qd1 h5 20. e4 dxe4 21. Nxe4 Qxe4
22. Bxe4 Bxd1 23. Rfxd1 Rab8 24. a4 Red8 25. Bf3 h4 26. Rd2 Rd6 27. Ra3 e6 28.
b4 cxb3 29. Rxb3 b6 30. a5 Rc8 31. axb6 axb6 32. Re2 Rc4 33. Kh2 Kg7 34. Kh3 Bd8
35. Re5 Rd7 36. Be2 Rc8 37. Bb5 Rdc7 38. c4 Bf6 39. Re4 Rd8 40. Rd3 Ra7 41. Rf4
Ra1 42. Kg4 Rg1 43. Kf3 Kg6 44. Rg4+ Bg5 45. Re3 h3 46. gxh3 Rxg4 47. hxg4 Bxe3
48. Kxe3 Kg5 49. f3 Ra8 50. Bc6 Ra3+ 51. Kd2 Kf4 52. Bb7 Ra7 53. Bc6 Rc7 54. d5
Kxf3 55. g5 Kf4 56. Be8 exd5 57. cxd5 Re7 58. Bc6 Ke5 59. Kd3 Kd6 60. Kd4 Re5
0-1

[Event "Mistrzostwa Polski Juniorow do lat 16 - Chlopcy"]
[Site "Szklarska Poreba"]
[Date "1899-12-30"]
[Round "6.20"]
[White "Majdanski, Maksymilian"]
[Black "Wasik, Mateusz"]
[Result "1-0"]
[WhiteTitle "I"]
[BlackTitle "I"]
[WhiteElo "1868"]
[BlackElo "1724"]

1. e4 c5 2. Nf3 Nc6 3. d4 cxd4 4. Nxd4 Nf6 5. Nc3 e6 6. Ndb5 Bc5 7. Bf4 O-O 8.
Bc7 Qe7 9. Bd6 Bxd6 10. Qxd6 Qd8 11. O-O-O a6 12. Nd4 Ne8 13. Qg3 Qb6 14. Nf3
Qa5 15. Kb1 b5 16. e5 f6 17. exf6 Nxf6 18. Bd3 d5 19. Ne5 Nb4 20. a3 Nxd3 21.
Rxd3 Qb6 22. f3 a5 23. Qh4 Ba6 24. Qd4 Qc7 25. Re3 Rab8 26. Na2 Qd6 27. Rhe1 Ne8
28. f4 Nc7 29. Rg3 Rf6 30. Nd7 Qxd7 31. Qxf6 Rf8 32. Qd4 b4 33. a4 Ne8 34. b3
Nd6 35. Rg5 Bc8 36. Rge5 Qc7 37. g4 Kh8 38. f5 Ne4 39. g5 Nxg5 40. Qf4 Qd8 41.
R5e2 Ne4 42. Rd1 Qb6 43. Qe3 Qxe3 44. Rxe3 Rxf5 45. Rxe4 Kg8 46. Ree1 Rf2 47.
h4 Rf4 48. Rh1 Ba6 49. Nc1 1-0

[Event "Mistrzostwa Polski Juniorow do lat 16 - Chlopcy"]
[Site "Szklarska Poreba"]
[Date "1899-12-30"]
[Round "6.21"]
[White "Gardian, Adam"]
[Black "Stachecki, Mikolaj"]
[Result "0-1"]
[WhiteTitle "I"]
[BlackTitle "I+"]
[WhiteElo "1709"]
[BlackElo "1802"]

1. e4 c5 2. c3 Nf6 3. e5 Nd5 4. d4 cxd4 5. Qxd4 e6 6. Nf3 Nc6 7. Qe4 f5 8. Qe2
Be7 9. g3 O-O 10. Bg2 d6 11. O-O dxe5 12. Nxe5 Nxe5 13. Qxe5 Nf6 14. Nd2 Bd6 15.
Qb5 Rb8 16. Nc4 Bc7 17. Bg5 Bd7 18. Qb3 h6 19. Be3 b5 20. Nd2 Bb6 21. Bxb6 Qxb6
22. Rad1 a5 23. Nf3 a4 24. Qb4 Nd5 25. Qh4 Qc7 26. a3 Nb6 27. Qb4 Nc4 28. Rfe1
f4 29. Nd4 e5 30. Bd5+ Kh8 31. Nf3 fxg3 32. hxg3 Bg4 33. Nh4 Qb6 34. Ng6+ Qxg6
35. Be4 Qb6 0-1

[Event "Mistrzostwa Polski Juniorow do lat 16 - Chlopcy"]
[Site "Szklarska Poreba"]
[Date "1899-12-30"]
[Round "6.22"]
[White "Strepikowski, Pawel"]
[Black "Topola, Rafal"]
[Result "0-1"]
[WhiteTitle "I"]
[BlackTitle "I"]
[WhiteElo "1676"]
[BlackElo "1754"]

1. e4 c6 2. d4 d5 3. f3 Qb6 4. Nc3 e6 5. Nge2 Nd7 6. Rb1 Ne7 7. Be3 Ng6 8. a3 Be7
9. Ng3 O-O 10. Be2 f5 11. exf5 exf5 12. f4 Nf6 13. O-O Bd6 14. Qd2 Qc7 15. Rf2
Bd7 16. Rbf1 Rae8 17. Nh5 b5 18. Nxf6+ Rxf6 19. a4 b4 20. Nd1 Kh8 21. b3 Rfe6
22. Bd3 R6e7 23. g4 fxg4 24. f5 Nh4 25. f6 gxf6 26. Rxf6 Nf3+ 27. R1xf3 gxf3 28.
Qf2 Rg7+ 29. Kh1 Bh3 30. Qh4 Bg2+ 31. Kg1 Be7 32. Qh5 Bxf6 33. Qxe8+ Rg8 34. Qe6
Bh3+ 0-1